Chiến lược Đại dương xanh Làm thế nào để tạo khoảng trống thị trường và vô hiệu hóa cạnh tranh

Tái bản lần thứ II, có sửa chữa, bổ sung các tham luận Tọa đàm Chiến lược đại dương xanh - cách tạo khoảng trống trong thị trường, ngày 21/4/2007; Trình bày những cách để doanh nghiệp nâng cao năng lực cạnh tranh, tìm ra những chiến lược cạn...

Ful tanımlama

Kaydedildi:
Detaylı Bibliyografya
Yazar: Chan Kim, W
Diğer Yazarlar: Mauborgne, Renée
Materyal Türü: Kitap
Dil:Undetermined
Baskı/Yayın Bilgisi: H. Lao động; Công ty Sách Alpha 2016
Konular:
Online Erişim:http://lrc.tdmu.edu.vn/opac/search/detail.asp?aID=2&ID=26560
Etiketler: Etiketle
Etiket eklenmemiş, İlk siz ekleyin!
Thư viện lưu trữ: Trung tâm Học liệu Trường Đại học Thủ Dầu Một
LEADER 01480nam a2200229Ia 4500
001 TDMU_26560
008 210410s9999 xx 000 0 und d
082 |a 339.47 
090 |b CH105 
100 |a Chan Kim, W 
245 0 |a Chiến lược Đại dương xanh 
245 0 |b Làm thế nào để tạo khoảng trống thị trường và vô hiệu hóa cạnh tranh 
245 0 |c W. Chan Kim, Renée Mauborgne; Phương Thuý (dịch); Ngô Phương Hạnh (h.đ.) 
260 |a H. 
260 |b Lao động; Công ty Sách Alpha 
260 |c 2016 
300 |a 467tr. 
520 |a Tái bản lần thứ II, có sửa chữa, bổ sung các tham luận Tọa đàm Chiến lược đại dương xanh - cách tạo khoảng trống trong thị trường, ngày 21/4/2007; Trình bày những cách để doanh nghiệp nâng cao năng lực cạnh tranh, tìm ra những chiến lược cạnh tranh mới để tồn tại và phát triển, vạch ra ranh giới thị trường, tạo khoảng trống thị trường và vô hiệu hoá cạnh tranh 
650 |a Chiến lược kinh doanh  |x Cạnh tranh; Doanh nghiệp  |x Cạnh tranh  |x Chiến lược kinh doanh 
700 |a Mauborgne, Renée 
856 |u http://lrc.tdmu.edu.vn/opac/search/detail.asp?aID=2&ID=26560 
980 |a Trung tâm Học liệu Trường Đại học Thủ Dầu Một